Culture Générale - Série 23 - Statistiques

Statistiques générales
  • Ce quiz a été pris 3 109 fois
  • Le résultat moyen est 5 sur 10
Statistiques - réponses
Question Réponse % Correct
De quel pays Vilnius est-elle la capitale ? Lituanie
86%
Dans quelle ville peut-on voir la porte de Brandebourg ? Berlin
80%
Quel âge faut-il avoir pour être élu sénateur en France ? 24 ans
64%
Dans quel pays se trouve le massif des Dolomites ? Italie
60%
En quelle année la 1ère République française a-t-elle été proclamée ? 1792
58%
Quel est la monnaie de la Norvège ? Couronne
55%
Qui a écrit le roman "Guerre et Paix" ? Léon Tolstoï
50%
Qui fut l'architecte de la Sagrada Familia de Barcelone ? Gaudi
49%
Dans quel pays se trouve le lac Balaton ? Hongrie
18%
Où se situent les orgues basaltiques de la Chaussée des Géants ? Irlande du Nord
16%
Aucun quiz correspondant
Distribution des résultats
% des personnes avec chaque résultat
Percentile par nombre de réponses
Votre historique - résultats
Vous n’avez pas pris ce quiz